000 01261cam a2200325 i 4500
003 EG-ScBUE
005 20250120105211.0
008 090630t1996 gw a f b 001 0 eng d
020 _a3540613900 (hardcover : acid-free paper)
020 _a9783540613909
040 _aEG-ScBUE
_beng
_erda
_cEG-ScBUE
_dEG-ScBUE
082 0 4 _a523.8
_bGRE
_222
111 1 _aProceedings of the international workshop on supersoft x-ray sources :
_d(1996 :
_cGarching, Germany)
245 0 0 _aSupersoft x-ray sources :
_bproceedings of the international workshop held in Garching, Germany, 28 February -1 March 1996 /
_cedited by Jochen Greiner.
264 1 _aHeidelberg :
_bSpringer-Verlag,
_c[1996]
264 4 _cc1996
300 _axiii, 350 pages :
_billustrations ;
_c24 cm.
336 _2rdacontent
_atext
_btxt
337 _aunmediated
_2rdamedia
_bn
338 _avolume
_bnc
_2rdacarrier
490 0 _aLecture notes in physics
504 _aIncludes bibliographical references and index.
650 7 _aX-ray binaries
_xCongresses.
_97321
_2BUEsh
650 7 _aX-ray sources, Galactic
_xCongresses.
_97322
_2BUEsh
651 _2BUEsh
653 _bPPhrm
_cAugust2015
655 _vReading book
700 1 _aGreiner, Jochen,
_d1959-
_97323
_eeditor.
942 _cBB
_2ddc
999 _c7213
_d7213